Gynaecology / (Record no. 2460)

000 -LEADER
fixed length control field 00741nam a2200253 a 4500
003 - CONTROL NUMBER IDENTIFIER
control field UkOxU
005 - DATE AND TIME OF LATEST TRANSACTION
control field 20210712062207.0
008 - FIXED-LENGTH DATA ELEMENTS--GENERAL INFORMATION
fixed length control field 911218s1989 enk 000 0 eng d
020 ## - INTERNATIONAL STANDARD BOOK NUMBER
International Standard Book Number 0340513241
040 ## - CATALOGING SOURCE
Transcribing agency NLM
050 ## - LIBRARY OF CONGRESS CALL NUMBER
Classification number RG101
Item number .G96 1990
060 #0 - NATIONAL LIBRARY OF MEDICINE CALL NUMBER
Classification number WP 140
Item number G995 1989
092 ## - LOCALLY ASSIGNED DEWEY CALL NUMBER (OCLC)
Classification number D0401050406
245 00 - TITLE STATEMENT
Title Gynaecology /
Statement of responsibility, etc. by ten teachers
250 ## - EDITION STATEMENT
Edition statement 15th ed. /
Remainder of edition statement edited by T.L.T. Lewis and G.V.P. Chamberlain
260 ## - PUBLICATION, DISTRIBUTION, ETC.
Place of publication, distribution, etc. London :
Name of publisher, distributor, etc. Edward Arnold,
Date of publication, distribution, etc. 1989
300 ## - PHYSICAL DESCRIPTION
Extent viii, 296 p. :
Other physical details ill. ;
Dimensions 25 cm.
500 ## - GENERAL NOTE
General note Includes index
650 #0 - SUBJECT ADDED ENTRY--TOPICAL TERM
Topical term or geographic name entry element Gynecology
700 1# - ADDED ENTRY--PERSONAL NAME
Personal name Lewis, T. L. T.
Fuller form of name (Thomas Loftus Townshend)
700 1# - ADDED ENTRY--PERSONAL NAME
Personal name Chamberlain, Geoffrey,
Dates associated with a name 1930-
942 ## - ADDED ENTRY ELEMENTS (KOHA)
Source of classification or shelving scheme
Koha item type Book
Suppress in OPAC SN
Holdings
Withdrawn status Lost status Source of classification or shelving scheme Damaged status Not for loan Permanent Location Current Location Shelving location Date acquired Total Checkouts Full call number Barcode Date last seen Price effective from Koha item type Public note
          AU LIBRARY AU LIBRARY Open Shelf 12.07.2021   RG101 .G96 1990 28003521 12.07.2021 12.07.2021 Book SN

Powered by Koha